| 000 | 00701pam a2200241 a 4500 | ||
|---|---|---|---|
| 999 |
_c1609 _d1609 |
||
| 001 | 015990470 | ||
| 003 | UkOxU | ||
| 005 | 20230116095611.0 | ||
| 008 | 020923r20021989enka j 000 1 eng d | ||
| 015 | _aGB A2-62647 | ||
| 020 | _a9781842701706 | ||
| 035 | _aBNB2710.2951 | ||
| 040 |
_aDB/U-1 _c. _dKH8 |
||
| 082 | 0 |
_a823.914 WIL _221 |
|
| 100 | 1 |
_aWillis, Jeanne. _eauthor |
|
| 245 | 1 | 0 |
_aDr Xargle's book of earth hounds / _ctranslated into Human by Jeanne Willis ; pictures by Tony Ross. |
| 260 |
_aLondon : _bAndersen, _c2002. |
||
| 300 |
_a[32] p. : _bcol. ill. ; _c23 cm. |
||
| 500 | _aOriginally published: 1989. | ||
| 650 | _a Chiens | ||
| 700 | 1 |
_aRoss, Tony. _eauthor |
|
| 942 |
_2ddc _cNFIC |
||